Management: Texts and cases (Record no. 110751)

MARC details
000 -LEADER
fixed length control field 00346nam a2200145Ia 4500
008 - FIXED-LENGTH DATA ELEMENTS--GENERAL INFORMATION
fixed length control field 230917s9999||||xx |||||||||||||| ||und||
040 ## - CATALOGING SOURCE
-- 100382
Original cataloging agency VIVEKANANDA LIBRARY
041 ## - Language
-- English
082 ## - DDC NUMBER
Classification number 658 R18M
100 ## - MAIN ENTRY--PERSONAL NAME
Personal name Rao, V S P
245 #0 - TITLE STATEMENT
Title Management: Texts and cases
260 ## - PUBLICATION, DISTRIBUTION, ETC. (IMPRINT)
Place of publication, distribution, etc New Delhi
Name of publisher, distributor, etc Excel Books
Date of publication, distribution, etc 2002
300 ## - PHYSICAL DESCRIPTION
Pages 966 p.
942 ## - ADDED ENTRY ELEMENTS (KOHA)
Koha item type Books
Holdings
Withdrawn status Lost status Damaged status Not for loan Location (home branch) Sublocation or collection (holding branch) Date acquired Koha issues (times borrowed) Koha full call number Accession No. Koha date last seen Koha item type Shelving location
        VIVEKANANDA LIBRARY VIVEKANANDA LIBRARY 15/01/2004   658 R18M 197994 17/09/2023 Books  
        VIVEKANANDA LIBRARY VIVEKANANDA LIBRARY 15/01/2004   658 R18M 197995 17/09/2023 Books  
        VIVEKANANDA LIBRARY VIVEKANANDA LIBRARY 15/01/2004   658 R18M 197996 17/09/2023 Books  
        VIVEKANANDA LIBRARY VIVEKANANDA LIBRARY 15/01/2004   658 R18M 277425 17/09/2023 Books IHTM Library
© Designed and Maintained by Vivekananda Library, MDU Rohtak